| 000 | 00428nam a2200145 a 4500 | ||
|---|---|---|---|
| 001 | 000034550 | ||
| 005 | 20200930073748.0 | ||
| 008 | 111006s1828 ht 000 0 fre d | ||
| 040 |
_aDO-SdBNP _bspa _cBNPHU |
||
| 082 |
_axxxx _bH153 |
||
| 110 | 1 |
_aHaíti _959983 |
|
| 245 | 1 | 0 |
_aLes six codes d' Haiti. : _bsuivis d´une table raisonnée des matiéres. |
| 260 |
_aPort-au-Prince : _bDescauriet, _c1828. |
||
| 300 |
_a738 p. ; _c14 cm. |
||
| 999 |
_c34041 _d34041 |
||